000 02074cam a2200169 4500500
005 20260111091023.0
041 _afre
042 _adc
100 1 0 _aWargnies, Philippe
_eauthor
245 0 0 _aChronique paulinienne
260 _c2004.
500 _a55
520 _aCet article s’inscrit dans le contexte de l’année 2004 : l’élargissement à vingt-cinq membres de l’Union Européenne. Il s’agit de mettre en évidence l’héritage commun de ces peuples, et cela d’un point de vue théologique. Cette recherche s’avère vitale, car sans une mémoire collective commune, il n’y a pas d’unité réelle. Le fil rouge de cette mémoire, qui constitue aussi une responsabilité pour l’avenir, c’est la lutte pour la liberté et les libertés. Mais cette lutte se trouve, depuis les Temps Modernes, devant un choix crucial : soit les libertés s’engagent dans une dynamique d’alliance (notamment entre les peuples), y compris avec Dieu (c’est le principe christologique), soit elles cèdent à la pente fatale d’une lutte à mort, et ce sera l’échec.
520 _aThis article is written with a view to events in 2004 and in particular the enlargement of the European Union to twenty-five members : what is needed is to highlight, from a theological perspective, the common heritage of these peoples. This task is of vital importance, for without a common collective memory, no real unity will be possible. The guiding thread of this unity, which represents a responsibility for the future, is the struggle for freedom and freedoms. However this struggle faces, in the modern world, a crucial choice : either these liberties enter a dynamic of Covenant (in particular between peoples), including with God (the Christological Principle), or they give way to a bitter struggle, in which case the result can only be failure.
786 0 _nNouvelle revue théologique | 126 | 2 | 2004-04-01 | p. 236-250 | 0029-4845
856 4 1 _uhttps://shs.cairn.info/revue-nouvelle-revue-theologique-2004-2-page-236?lang=fr&redirect-ssocas=7080
999 _c1620128
_d1620128